Estampas y sainetes... / (Record no. 38293)

MARC details
000 -LEADER
campo de control de longitud fija 00510nam a2200169 i 4500
001 - NÚMERO DE CONTROL
campo de control 38293
003 - IDENTIFICADOR DE NÚMERO DE CONTROL
campo de control ES-MaACL
007 - CAMPO FIJO DE DESCRIPCIÓN FÍSICA--INFORMACIÓN GENERAL
campo de control de longitud fija t|
008 - DATOS DE LONGITUD FIJA--INFORMACIÓN GENERAL
campo de control de longitud fija 030225q1954 sp ||||1| spa d
100 1# - ENTRADA PRINCIPAL--NOMBRE DE PERSONA
Nombre de persona Calderón, Antonio.
9 (RLIN) 33594
245 10 - MENCIÓN DEL TÍTULO
Título Estampas y sainetes... /
Mención de responsabilidad, etc. Antonio Calderón y Eduardo Vázquez.
260 ## - PUBLICACIÓN, DISTRIBUCIÓN, ETC.
Lugar de publicación, distribución, etc. Madrid :
Nombre del editor, distribuidor, etc. Cid,
Fecha de publicación, distribución, etc. [1954?] (
Fabricante Perman)
300 ## - DESCRIPCIÓN FÍSICA
Extensión 251 p. :
Otras características físicas il. ;
Dimensiones 19 cm.
700 1# - ENTRADA AGREGADA--NOMBRE PERSONAL
Nombre de persona Vázquez, Eduardo.
9 (RLIN) 113354
852 ## - LOCALIZACIÓN
Ubicación ES-MaACL
Número de control de estantería C-7917
Sublocalización o colección R.36083
852 ## - LOCALIZACIÓN
Ubicación ES-MaACL
Número de control de estantería C-8422
Sublocalización o colección R.35720
Holdings
Estatus retirado Estado de pérdida Estado de daño No para préstamo Biblioteca de origen Biblioteca actual Ubicación en estantería Fecha de adquisición Fuente de adquisición Total de préstamos Signatura topográfica completa Código de barras Visto por última vez Precio de reemplazo Tipo de ítem Koha
        Biblioteca del Ateneo de Madrid Biblioteca del Ateneo de Madrid Sala Palomar 17/01/2008     C-8422 1040316 23/02/2023 23/02/2023 Libro impreso
        Biblioteca del Ateneo de Madrid Biblioteca del Ateneo de Madrid Sala Palomar 17/01/2008     C-7917 1040315 23/02/2023 23/02/2023 Libro impreso